Normal view
MARC view
- Kenyon, J. P
Entry Personal Name
001 - CONTROL NUMBER
- control field: 134198
003 - CONTROL NUMBER IDENTIFIER
- control field: NUST
005 - DATE AND TIME OF LATEST TRANSACTION
- control field: 20260417155355.0
008 - FIXED-LENGTH DATA ELEMENTS
- fixed length control field: 260417|| aca||aabn | a|a d
040 ## - CATALOGING SOURCE
- Original cataloging agency: NUST
- Transcribing agency: NUST
100 ## - HEADING--PERSONAL NAME
- Personal name: Kenyon, J. P
670 ## - SOURCE DATA FOUND
- Source citation: Work cat.: (NUST): Kenyon, J. P., The Stuart constitution, 1603-1688; documents and commentary /, 1966.
